Chronological studies related to Daniel 8:14 and 9:24-27 / (Record no. 7142)

MARC details
000 -LEADER
fixed length control field 01158nam a2200265Ia 4500
001 - CONTROL NUMBER
control field 60358678
003 - CONTROL NUMBER IDENTIFIER
control field AUA.1
005 - DATE AND TIME OF LATEST TRANSACTION
control field 20120815162356.0
008 - FIXED-LENGTH DATA ELEMENTS--GENERAL INFORMATION
fixed length control field 050513s2004 bl a 000 0 eng d
020 ## - INTERNATIONAL STANDARD BOOK NUMBER
International Standard Book Number 8589504069
040 ## - CATALOGING SOURCE
Original cataloging agency EXN
Transcribing agency EXN
049 ## - LOCAL HOLDINGS (OCLC)
Holding library EXNh
050 ## - LIBRARY OF CONGRESS CALL NUMBER
Classification number BS 1555.2
Item number .O658 2004
100 1# - MAIN ENTRY--PERSONAL NAME
Personal name De Oliveira, Juarez Rodrigues.
9 (RLIN) 24428
245 10 - TITLE STATEMENT
Title Chronological studies related to Daniel 8:14 and 9:24-27 /
Statement of responsibility, etc Juarez Rodrigues de Oliveira.
250 ## - EDITION STATEMENT
Edition statement 1st ed.
260 ## - PUBLICATION, DISTRIBUTION, ETC. (IMPRINT)
Place of publication, distribution, etc Engenheiro Coelho, SP :
Name of publisher, distributor, etc Imprensa Universit�aria Adventista,
Date of publication, distribution, etc c2004.
300 ## - PHYSICAL DESCRIPTION
Extent xvi, 205 p. :
Other physical details ill. (some col.) ;
Dimensions 22 cm.
500 ## - GENERAL NOTE
General note Horn Museum items are located at 9047 Old US Hwy 31.
504 ## - BIBLIOGRAPHY, ETC. NOTE
Bibliography, etc Includes bibliographical references.
630 00 - SUBJECT ADDED ENTRY--UNIFORM TITLE
Uniform title Bible.
Name of part/section of a work O.T.
-- Daniel 8:14
General subdivision Criticism, interpretation, etc.
9 (RLIN) 24429
630 00 - SUBJECT ADDED ENTRY--UNIFORM TITLE
Uniform title Bible.
Name of part/section of a work O.T.
-- Daniel 9:24-27
General subdivision Criticism, interpretation, etc.
9 (RLIN) 24430
942 ## - ADDED ENTRY ELEMENTS (KOHA)
Source of classification or shelving scheme Library of Congress Classification
Koha item type Books
Classification part BS 1555.2
Item part .O658 2004
Holdings
Withdrawn status Lost status Source of classification or shelving scheme Damaged status Not for loan Collection code Home library Current library Shelving location Date acquired Source of acquisition Cost, normal purchase price Serial Enumeration / chronology Total Checkouts Full call number Barcode Date last seen Date checked out Cost, replacement price Price effective from Koha item type
    Library of Congress Classification     Books Judith Thomas Library Judith Thomas Library General Stacks 15/08/2012 Donation, Dr. Russell Staples 10.00 AUA009762 2 BS 1555.2 .O658 2004 AUA009762 09/07/2019 02/07/2019 10.00 15/08/2012 Books